| 000 | 01364nam a22003137a 4500 | ||
|---|---|---|---|
| 001 | T0000016 | ||
| 003 | KOHA_MİRAKIL | ||
| 005 | 20260207004503.0 | ||
| 007 | ta | ||
| 008 | 190402b2011 xx |||grm|||#0|||0|tur | | ||
| 040 |
_aTR-BiSEU _btur _cTR-BiSEU _erda |
||
| 041 | 0 | _atur | |
| 050 | 0 | 0 |
_aTez _b16 |
| 100 | 1 | _aTuran, Bülent. | |
| 245 | 1 |
_aBilgi ve iletişim teknolojileri kullanımının teknoloji kabul modeli ile incelenmesi ve sınıf öğretmenleri üzerinde bir uygulama/ _cBülent Turan ; Bülent Turan; danışman Gürkan Haşit. |
|
| 264 | 1 |
_aBilecik : _bBilecik Üniversitesi _c2011 |
|
| 300 | _aX, 70 sayfa: tablo; 30 cm.+1 CD-ROM | ||
| 336 |
_ametin _btxt _2rdacontent |
||
| 337 |
_aaracısız _bn _2rdamedia |
||
| 338 |
_acilt _bnc _2rdacarrier |
||
| 500 | _aRef. No: 405167 | ||
| 500 | _aKaynakça var. | ||
| 500 | _aİngilizce Eser Adı : The resesrch of the usage of information and communication technologies via techvology acceptance model and an application on elementary school teachers | ||
| 502 | _aTez (Yüksek Lisans) -- Bilecik Üniversitesi Sosyal Bilimler Enstitüsü İşletme Anabilim Dalı, Bilecik, . | ||
| 650 | 0 |
_aBilgi ve iletişim teknolojisi--Teknoloji kabulü. _9118826 |
|
| 650 | 0 |
_aInformation and communication technology--Technology adoption. _9118827 |
|
| 856 | 4 | 0 | _uhttp://acikkaynak.bilecik.edu.tr/xmlui/handle/11552/80 |
| 907 | _aYüksek Lisans | ||
| 942 |
_2lcc _cTS |
||
| 999 |
_c64567 _d64567 |
||